LEADER 01144nam a2200217 i 4500 001 000000251405 003 CaOOAMICUS 005 20161111000000.0 008 161111s1982 it u000 u ita u 013 $a230310 040 $aSeMil$bita 100 1 $aPedron, Carlo.$0(OLS)http://semarc/name/83568 245 10$aSolfeggi manoscritti :$bparlati e cantati. Melodie vocali, dettati melodici per la preparazione all'esame di compimento del corso di solfeggio nei Conservatori di Musica. Seconda serie /$ccomposti da Carlo Pedron. 260 $aMilano :$bCarischi,$ccopyr. 1982. 300 $a83 p. :$bnotazione musicale ;$c17x24 cm. 650 4$aSolfeggio.$0(OLS)http://semarc/subject/5346 850 $aSeMil 852 $aSeMil$W1$xVenegono$y1$m3Q I 123$j201751$B201751$CSeMilBibl$Z2$F214094 $81 961 $aOmaggio: Colombo don Alberto 996 $6245$aSolfeggi manoscritti :$bparlati e cantati. Melodie vocali, dettati melodici per la preparazione all'esame di compimento del corso di solfeggio nei Conservatori di Musica. Seconda serie$9(OLS)http://semarc/title/353621 996 $6260$aMilano :$bCarischi$9(OLS)http://semarc/publisher/31275 LEADER 01145nam a2200265 i 4500 001 000000221902 003 CaOOAMICUS 005 20130821000000.0 008 130821s2000 it u000 u ita u 013 $a200799 020 $a88-339-1229-9 040 $aSeMil$bita 100 1 $aCimatti, Felice.$0(OLS)http://semarc/name/56703 245 13$aLa scimmia che si parla :$blinguaggio autocoscienza e libertà nell'animale umano /$cFelice Cimatti. 260 $aTorino :$bBollati Boringhieri,$c2000. 300 $a282 p. ;$c20 cm. 490 0 $aTemi ;$v99 650 4$aFilosofia del linguaggio.$0(OLS)http://semarc/subject/3184 830 0$aTemi [Bollati Boringhieri] ;$v99.$0(OLS)http://semarc/title/10510 850 $aSeMil 852 $aSeMil$W1$xVenegono$y1$m2O I 85$j172251$B172251$CSeMilBibl$Z2$F183441 $81 961 $aOmaggio: Conti don Ermenegildo 996 $6020$a88-339-1229-9$9(OLS)http://semarc/number/221157 996 $6245$aLa scimmia che si parla :$blinguaggio autocoscienza e libertà nell'animale umano$9(OLS)http://semarc/title/318126 996 $6260$aTorino :$bBollati Boringhieri$9(OLS)http://semarc/publisher/31556